000 01177cam a22002651 4500
001 l 54000113
003 DLC
005 20260227111543.0
008 800519s1954 dcuab f000 0 eng c
010 _al 54000113
035 _a(OCoLC)6334269
040 _aU.S. Dept. of Labor Library
_cNNU
_dOCoLC
_dDLC
042 _apremarc
050 0 0 _aHD8051
_b.A62 no. 1156
100 1 _aEber, Manuel,
_d1918-
245 1 0 _aEmployment outlook in banking occupations;
_bbanking functions, training and qualifications, earnings and working conditions, employment trends and outlook.
_c[Prepared] in cooperation with Veterans Administration.
260 _aWashington,
_bU.S. Govt. Print. Off.
_c[1954]
300 _av, 42 p.
_billus., map.
_c26 cm.
490 1 _aU.S. Bureau of Labor Statistics. Bulletin no. 1156. Occupational outlook series
500 _a"Originally published as a Veterans Administration pamphlet."
650 0 _aBanks and banking
_zUnited States.
650 0 _aBank employees
_zUnited States.
810 1 _aUnited States.
_bBureau of Labor Statistics.
_tBulletin ;
_vno. 1156.
810 1 _aUnited States.
_bBureau of Labor Statistics.
_tOccupational outlook series
999 _c36845
_d36845